| 000 | 00861cam a2200253 a 4500 | ||
|---|---|---|---|
| 003 | MX-MxUPN | ||
| 005 | 20250227063837.0 | ||
| 008 | 160429s2007 mx a fr 000 0 spa d | ||
| 020 | _a9789689388012 | ||
| 035 | _aUPN01000209947 | ||
| 040 |
_aMX-MxUPN _bspa |
||
| 041 | 0 | _aspa | |
| 050 | 4 |
_aLC155 A4.4 _bF4.2 |
|
| 100 | 1 |
_aFerreiro, Emilia, _d1937- _930158 |
|
| 245 | 1 | 0 |
_aAlfabetización de niños y adultos : _btextos escogidos |
| 250 | _aPrimera edición | ||
| 260 |
_aMéxico : _bCentro de Cooperación Regional para la Educación de Adultos en América Latina y El Caribe, _c2007. |
||
| 300 |
_a431 páginas : _bilustraciones |
||
| 490 |
_aPaideia latinoamericana ; _v1 |
||
| 650 | 4 |
_aAlfabetización (Educación) _zAmérica Latina _91835 |
|
| 650 | 4 |
_aAlfabetización digital _921774 |
|
| 902 | _bVíctorGodínez/070225 | ||
| 942 |
_2lcc _cLIBRO |
||
| 999 |
_c182048 _d182048 |
||